000 00641nam a2200193Ia 4500
003 GCL
008 140319s9999 xx 000 0 ara d
040 _aGCL /
_cGCL
082 0 4 _a520.9
_bك ا
100 1 _aكيندى, ا. س.
245 1 0 _aابن الشاطر: فلكى عربىمن القران الثامن الهجرى: الرابع عشر الميلادى /
_cكيندى, ا. س.
700 1 _aعماد غانم
300 _a220 ص
490 _aمنشورات جامعة حلب
_v0
650 0 4 _aالعلوم عند العرب
650 0 4 _aالفلكيون العرب
650 0 4 _aالفلك - تاريخ
942 _2ddc
_cBK
999 _c43731
_d43731